| 000 | 00000nam##2200000za#4500 |
| 001 | 9.601093 |
| 003 | CaOODSP |
| 005 | 20220901164725 |
| 007 | cr ||||||||||| |
| 008 | 150406|2003||||xxc|||||o f|0| 0 fre|d |
| 040 | |aCaOODSP|bfre |
| 043 | |an-cn--- |
| 086 | 1 |aJ3-10/9F-PDF |
| 110 | 1 |aCanada.|bJustice Canada. |
| 245 | 10|aLes besoins non satisfaits dans le domaine de l'aide juridique en matière pénale : |h[ressource électronique]|bsommaire des résultats d’un programme de recherche / |c[par] Ab Currie. |
| 260 | |aOttawa - Ontario : |bJustice Canada |c2003. |
| 300 | |a32p.|btableaux |
| 490 | 1 |aSérie de recherches sur l'aide juridique|vrr03lars-9f |
| 590 | |a11-09-Supp|b2011-06-30 |
| 720 | 1 |aCurrie, Ab |
| 775 | 08|tThe unmet need for criminal legal aid : |w(CaOODSP)9.570347 |
| 830 | #0|aSérie de recherches sur l'aide juridique ;|vrr03lars-9f|w(CaOODSP)9.502071 |
| 856 | 40|ahttp://publications.gc.ca|qPDF|s588 Ko|uhttps://publications.gc.ca/collections/collection_2011/jus/J3-10-9-fra.pdf|yrr03lars-9f |